000 00448nam a22001577a 4500
003 OSt
005 20151004102406.0
008 151004b xxu||||| |||| 00| 0 eng d
040 _cRUA
082 _aAGR ទឹម​ 1995 B014 Or.1
100 _91992
_aទឹម, សាវ៉ាន់
245 _aការវាយតំលៃលើសូនបន្លែ
260 _aPhnom Penh
_bRUA
_c1995
300 _a52p.
_bill.
_c29cm.
942 _2ddc
_cAGR
999 _c1880
_d1880